| 000 | 01023nas a2200313 4500 | ||
|---|---|---|---|
| 001 | BR2013009609 | ||
| 003 | BR-BrBNA | ||
| 005 | 20231205123259.0 | ||
| 007 | ta | ||
| 008 | 230509b bl.|||p| |||| 00| 00por d | ||
| 040 |
_aBR-BrBNA _bpor _cBiblioteca Nacional de Agricultura |
||
| 041 | _a(Pt) | ||
| 072 | _aL70 | ||
| 100 | 1 | _aSantos, R.P. | |
| 100 | 1 | _aBeckmann, D.V. | |
| 100 | 1 | _aAiello, G. | |
| 100 | 1 | _aBerté, L. | |
| 100 | 1 | _aRipplinger, A. | |
| 100 | 1 | _aPolidoro Neto, D. | |
| 100 | 1 | _aMazzanti, A. | |
| 245 | 1 | _aRecuperação funcional de cães paraplégicos com doença do disco intervertebral toracolombar sem percepção à dor profunda submetidos ao tratamento cirúrgico: 15 casos (2006-2010) | |
| 650 | _aCÃO | ||
| 650 | _aCIRÚRGIA | ||
| 650 | _aMEDULA ESPINHAL | ||
| 650 | _aCOLUNA VERTEBRAL | ||
| 773 | 0 |
_tPesquisa Veterinária Brasileira (Brazil) _xISSN 0100-736X _g(Mar 2012), v. 32(3) p. 243-246 _wBR2013009609 |
|
| 909 |
_a202311 _bLúcia _c55 _dLúcia Elande |
||
| 942 |
_2AGRIS _n0 _cANA |
||
| 999 |
_c233090 _d233090 |
||